000 00441cam a2200181ua 4500
020 _c5.00
041 _amal
_h
082 _a954
_bDAM/IN
100 _aDamodaran, K.
245 _aIndyayude athmav /
_cK Damodaran.
_hTextual Documents
250 _a1 /
_b.
260 _aKottayam :
_bSahitya Pravarthaka Co-operative Society ,
_c1969.
300 _a350 ; .
365 _a5.00
504 _a
942 _cBK
999 _c6621
_d6621